[Event "Transcendent Classic I"]
[Site "SchemingMind.com"]
[Date "2014.03.30"]
[Round "-"]
[White "Brian Acebo"]
[Black "Transcendent"]
[Result "0-1"]
[WhiteCountry "USA"]
[BlackCountry "ENG"]
[WhiteElo "1636"]
[WhiteRD "85"]
[BlackElo "1781"]
[BlackRD "68"]
[GameID "353988"]

1. e4 e6 2. d4 d5 3. Nc3 Bb4 4. e5 c5 5. Ne2 Ne7 6. a3 Bxc3+ 7. Nxc3 cxd4 8. Nb5 O-O 9. Nxd4 Nbc6 10. Nf3 f6
11. exf6 Rxf6 12. Bg5 Rf5 13. Qd2 h6 14. Be3 Rxf3 15. gxf3 Ne5 16. O-O-O Nxf3 17. Qe2 Nh4 18. Rg1 Nef5 19. Qg4 Qf6 20. Bd2 e5
21. Qh5 Be6 22. Bh3 Bf7 23. Qg4 h5 24. Qe2 Nd4 25. Qe3 Nhf3 26. Rg2 Rc8 27. Bxc8 Qc6 28. Qc3 Ne2+
0-1

[Event "Transcendent Classic I"]
[Site "SchemingMind.com"]
[Date "2014.04.01"]
[Round "-"]
[White "Transcendent"]
[Black "Brian Acebo"]
[Result "1-0"]
[WhiteCountry "ENG"]
[BlackCountry "USA"]
[WhiteElo "1570"]
[WhiteRD "63"]
[BlackElo "1588"]
[BlackRD "87"]
[GameID "353989"]

1. d4 d5 2. Nf3 Nf6 3. c4 c6 4. e3 Bg4 5. Qb3 Qc7 6. Ne5 Bh5 7. Nd2 e6 8. Ndf3 Be7 9. Bd3 Nbd7 10. Bd2 dxc4
11. Bxc4 b5 12. Be2 Nxe5 13. Nxe5 Bxe2 14. Kxe2 O-O 15. Rac1 a6 16. Rxc6 Qb7 17. Rhc1 Rfc8 18. Rxc8+ Rxc8 19. Rxc8+ Qxc8 20. Qc3 Qb7
21. f3 h6 22. Qc6 Qxc6 23. Nxc6 Bd6 24. h3 g5 25. Bb4 Bxb4 26. Nxb4 a5 27. Nc6 a4 28. Na7 Nd7 29. Nxb5 Nb6 30. Kd3 Kf8
31. b3 axb3 32. axb3 Ke7 33. Ke4 Kd7 34. Ke5 Ke7 35. g3 f6+ 36. Ke4 Nd7 37. g4 Nb6 38. f4 Nd5 39. fxg5 hxg5 40. Na3 Nb4
41. Nc4 Nd5 42. Nd2 Kd7 43. Kf3 Kd6 44. Ne4+ Ke7 45. Nf2 Kd6 46. Nd3 Nb6 47. b4 Kd5 48. Nc5 Nc4 49. Nd7 f5 50. gxf5 exf5
51. Nf6+ Ke6 52. Nh7
1-0

[Event "Transcendent Classic I"]
[Site "SchemingMind.com"]
[Date "2014.04.02"]
[Round "-"]
[White "mmccaffe"]
[Black "Brian Acebo"]
[Result "1-0"]
[WhiteCountry "USA"]
[BlackCountry "USA"]
[WhiteElo "1708"]
[WhiteRD "69"]
[BlackElo "1606"]
[BlackRD "83"]
[GameID "354185"]

1. e4 c5 2. Nf3 Nc6 3. Bb5 a6 4. Bxc6 bxc6 5. O-O d6 6. Nc3 g6 7. d3 Bg7 8. h3 Nf6 9. Be3 O-O 10. Qd2 Qb6
11. Rab1 Re8 12. Bh6 Bh8 13. Nh2 e5 14. Kh1 Bb7 15. Ne2 d5 16. exd5 cxd5 17. f4 exf4 18. Nxf4 Nd7 19. Rf2 d4 20. h4 Re7
21. h5 Nf6 22. Bg5 Re5 23. Rbf1 Rf8 24. hxg6 fxg6 25. Bxf6 Bxf6 26. Ng4 Bg5 27. Nxe5
1-0

[Event "Transcendent Classic I"]
[Site "SchemingMind.com"]
[Date "2014.04.02"]
[Round "-"]
[White "Brian Acebo"]
[Black "mmccaffe"]
[Result "0-1"]
[WhiteCountry "USA"]
[BlackCountry "USA"]
[WhiteElo "1608"]
[WhiteRD "83"]
[BlackElo "1684"]
[BlackRD "68"]
[GameID "354186"]

1. e4 e5 2. Nf3 Nc6 3. d4 exd4 4. Nxd4 Bc5 5. Nxc6 Qf6 6. Qe2 dxc6 7. Nc3 Ne7 8. Be3 Bxe3 9. Qxe3 O-O 10. O-O-O Be6
11. Be2 Rfd8 12. f4 b5 13. a3 a5 14. Rxd8+ Rxd8 15. f5 Bd7 16. g4 b4 17. axb4 axb4 18. Nb1 Ra8 19. Qb3 Qg5+ 20. Kd1 Ra1
21. Ke1 Rxb1+ 22. Bd1 c5 23. c4 Qxg4 24. h3 Qxe4+
0-1

[Event "Transcendent Classic I"]
[Site "SchemingMind.com"]
[Date "2014.04.01"]
[Round "-"]
[White "mmccaffe"]
[Black "Transcendent"]
[Result "0-1"]
[WhiteCountry "USA"]
[BlackCountry "ENG"]
[WhiteElo "1676"]
[WhiteRD "58"]
[BlackElo "1790"]
[BlackRD "68"]
[GameID "354187"]

1. e4 e6 2. d4 d5 3. Nd2 Nf6 4. e5 Nfd7 5. Bd3 c5 6. c3 Nc6 7. Ne2 Qb6 8. Nf3 cxd4 9. cxd4 f6 10. exf6 Nxf6
11. O-O Bd6 12. Bg5 O-O 13. Qc2 h6 14. Be3 Ng4 15. h3 Nxe3 16. fxe3 Bd7 17. a3 e5 18. dxe5 Nxe5 19. Bh7+ Kh8 20. Nfd4 Nc4
21. Qg6 Nxe3 22. Rxf8+ Bxf8 23. Qf7 Bc5 24. Nf4 Bf5 25. Nh5 Bxd4
0-1

[Event "Transcendent Classic I"]
[Site "SchemingMind.com"]
[Date "2014.04.01"]
[Round "-"]
[White "Transcendent"]
[Black "mmccaffe"]
[Result "1-0"]
[WhiteCountry "ENG"]
[BlackCountry "USA"]
[WhiteElo "1788"]
[WhiteRD "80"]
[BlackElo "1686"]
[BlackRD "58"]
[GameID "354188"]

1. c4 c6 2. g3 d5 3. Bg2 e6 4. Nf3 Nf6 5. O-O Be7 6. d4 dxc4 7. Qc2 Nbd7 8. Qxc4 O-O 9. Nc3 Nb6 10. Qb3 c5
11. dxc5 Bxc5 12. Bg5 Be7 13. Rfd1 Qc7 14. Rac1 Qb8 15. Nb5 Bd7 16. Nc7
1-0

[Event "Transcendent Classic I"]
[Site "SchemingMind.com"]
[Date "2014.04.02"]
[Round "-"]
[White "mmccaffe"]
[Black "Michael Mollenhauer"]
[Result "1-0"]
[WhiteCountry "USA"]
[BlackCountry "GER"]
[WhiteElo "1690"]
[WhiteRD "59"]
[BlackElo "1034"]
[BlackRD "101"]
[GameID "354234"]

1. e4 e5 2. Nf3 Nc6 3. Bb5 a6 4. Ba4 Nf6 5. O-O Be7 6. Re1 b5 7. Bb3 O-O 8. a4 b4 9. d3 d6 10. h3 Be6
11. Nbd2 h6 12. Nf1
1-0

[Event "Transcendent Classic I"]
[Site "SchemingMind.com"]
[Date "2014.04.02"]
[Round "-"]
[White "Michael Mollenhauer"]
[Black "mmccaffe"]
[Result "0-1"]
[WhiteCountry "GER"]
[BlackCountry "USA"]
[WhiteElo "1034"]
[WhiteRD "101"]
[BlackElo "1690"]
[BlackRD "59"]
[GameID "354235"]

1. e4 c5 2. Nf3 e6 3. d4 cxd4 4. Nxd4 a6 5. Nc3 Nc6 6. Be2 Bd6 7. Be3 Qc7 8. g3 Nf6 9. O-O Nxd4 10. Bxd4 b5
0-1

[Event "Transcendent Classic I"]
[Site "SchemingMind.com"]
[Date "2014.04.02"]
[Round "-"]
[White "Michael Mollenhauer"]
[Black "Transcendent"]
[Result "0-1"]
[WhiteCountry "GER"]
[BlackCountry "ENG"]
[WhiteElo "1034"]
[WhiteRD "101"]
[BlackElo "1780"]
[BlackRD "86"]
[GameID "354239"]

1. e4 e6 2. d4 d5 3. e5 c5 4. c3 Nc6 5. Nf3 Qb6 6. Be2 cxd4 7. cxd4 Be7 8. O-O Bd7 9. Nc3 f6 10. Na4 Qc7
0-1

[Event "Transcendent Classic I"]
[Site "SchemingMind.com"]
[Date "2014.04.02"]
[Round "-"]
[White "mmccaffe"]
[Black "Scooter"]
[Result "1/2-1/2"]
[WhiteCountry "USA"]
[BlackCountry "USA"]
[WhiteElo "1686"]
[WhiteRD "58"]
[BlackElo "1745"]
[BlackRD "46"]
[GameID "354260"]

1. Nf3 c6 2. g3 Nf6 3. Bg2 g6 4. O-O Bg7 5. d4 O-O 6. Nbd2 d5 7. b3 Bg4 8. e3 Nbd7 9. h3 Bxf3 10. Bxf3 e5
11. Bg2 Re8 12. Bb2 e4 13. c4 b6 14. Qe2 Rb8 15. cxd5 cxd5 16. Rfc1 Rc8 17. Rxc8 Qxc8 18. Rc1 Qb7 19. h4 Rc8 20. Qd1 Rxc1
21. Qxc1 b5 22. Bh3 Bf8 23. Nb1 Nb6 24. Nc3 a6 25. Ne2 Bb4 26. Bc3 Bxc3 27. Qxc3 h5 28. Nf4 Kg7 29. Qc5 Nbd7 30. Bxd7 Qxd7
31. b4 Kg8 32. a3= Kg7 33. Kf1=
1/2-1/2

[Event "Transcendent Classic I"]
[Site "SchemingMind.com"]
[Date "2014.04.03"]
[Round "-"]
[White "Scooter"]
[Black "mmccaffe"]
[Result "1/2-1/2"]
[WhiteCountry "USA"]
[BlackCountry "USA"]
[WhiteElo "1745"]
[WhiteRD "46"]
[BlackElo "1686"]
[BlackRD "58"]
[GameID "354261"]

1. d4 d5 2. Nf3 Nf6 3. Bf4 g6 4. e3 Bg7 5. Be2 c5 6. c3 b6 7. O-O O-O 8. Nbd2 Nbd7 9. h3 Bb7 10. Ne5 Nxe5
11. Bxe5 Nd7 12. Bxg7 Kxg7 13. Bf3 Nf6 14. Re1 Ne4 15. Bxe4 dxe4 16. dxc5 bxc5 17. Qc2 f5 18. Nc4 Ba6 19. Red1 Qc7 20. b3 Bxc4
21. bxc4 Rfd8 22. Rd5 e6 23. Rxd8 Rxd8 24. Rd1 Rd6 25. Rxd6 Qxd6 26. Qa4 a6 27. Qc2 Qd3 28. Qb3 Qd6 29. a4 Qd2 30. Qb7+ Kh6
31. Qxa6 Qe1+ 32. Kh2 Qxf2 33. Qxe6 Qxe3 34. Qe5 f4 35. a5 Qg3+ 36. Kg1 Qe1+=
1/2-1/2

[Event "Transcendent Classic I"]
[Site "SchemingMind.com"]
[Date "2014.04.03"]
[Round "-"]
[White "Brian Acebo"]
[Black "Scooter"]
[Result "0-1"]
[WhiteCountry "USA"]
[BlackCountry "USA"]
[WhiteElo "1636"]
[WhiteRD "85"]
[BlackElo "1774"]
[BlackRD "48"]
[GameID "354262"]

1. e4 c6 2. d4 d5 3. Nc3 dxe4 4. Nxe4 Bf5 5. Ng3 Bg6 6. h4 h6 7. h5 Bh7 8. Be3 Nd7 9. Bd3 Bxd3 10. Qxd3 Qc7
11. O-O-O O-O-O 12. Nf3 Ngf6 13. Ne4 e6 14. Rdg1 Bd6 15. Nxd6+ Qxd6 16. g4 Nd5 17. Bd2 Nf4 18. Qe4 Nd5 19. c3 N7f6 20. Qe2 Nf4
21. Qe3 N6d5 22. Qe4 f6 23. Bxf4 Qxf4+ 24. Qxf4 Nxf4 25. Rd1 Rd7 26. Rd2 Rhd8 27. Rhd1 e5 28. dxe5 Nd3+ 29. Kc2 Nxe5 30. Nxe5 Rxd2+
31. Rxd2 Rxd2+ 32. Kxd2 fxe5 33. Ke3 Kd7 34. Ke4 Ke6 35. c4 c5 36. a3 a6 37. b4 cxb4 38. axb4 b6 39. c5 bxc5 40. bxc5 a5
41. c6 a4 42. c7 Kd7 43. c8=Q+ Kxc8 44. Kd3 Kd7 45. Kc3 Ke6 46. Kb4 Kf6 47. Kxa4 Kg5 48. f3 Kf4 49. Kb3 Kxf3
0-1

[Event "Transcendent Classic I"]
[Site "SchemingMind.com"]
[Date "2014.04.03"]
[Round "-"]
[White "Scooter"]
[Black "Brian Acebo"]
[Result "1-0"]
[WhiteCountry "USA"]
[BlackCountry "USA"]
[WhiteElo "1755"]
[WhiteRD "48"]
[BlackElo "1663"]
[BlackRD "88"]
[GameID "354263"]

1. d4 d5 2. Nf3 e6 3. Bf4 h6 4. h3 Nf6 5. e3 Bd6 6. Bxd6 Qxd6 7. c3 O-O 8. Be2 c5 9. O-O Nc6 10. Nbd2 c4
11. b3 b5 12. b4 a5 13. a3 axb4 14. axb4 Rxa1 15. Qxa1 Bd7 16. Qa6 Rb8 17. Ne5 Ne8 18. Nxc6 Bxc6 19. Nf3 f6 20. Ra1 Nc7
21. Qa2 Ra8 22. Qb2 Rxa1+ 23. Qxa1 Kf7 24. Qb1 f5 25. Ne5+ Kf6 26. Bh5 Be8 27. Bxe8 Nxe8 28. Qa2 Nc7 29. Qa7 g5 30. Qb8 Kg7
31. f4 gxf4 32. exf4 Qe7 33. Qb6 Qd8 34. Qc6 Kf6 35. Nd7+ Ke7 36. Ne5 Kf6= 37. g4 Qe7 38. Nd7+
1-0

[Event "Transcendent Classic I"]
[Site "SchemingMind.com"]
[Date "2014.04.03"]
[Round "-"]
[White "Scooter"]
[Black "Transcendent"]
[Result "0-1"]
[WhiteCountry "USA"]
[BlackCountry "ENG"]
[WhiteElo "1745"]
[WhiteRD "46"]
[BlackElo "1788"]
[BlackRD "80"]
[GameID "354264"]

1. d4 d5 2. Nf3 Nf6 3. Bf4 c5 4. e3 Nc6 5. c3 Qb6 6. Qb3 c4 7. Qxb6 axb6 8. Be2 b5 9. O-O Bf5 10. Nbd2 b4
11. Ne5 e6 12. Ndf3 Be7 13. Nxc6 bxc6 14. Ne5 c5 15. Nc6 bxc3 16. bxc3 cxd4 17. Nxd4 Bg6 18. Nb5 O-O 19. a4 Ne4 20. f3 Nd2
21. Rfd1 Nb3 22. Ra2 Rfc8 23. Nd6 Rc6 24. Nb5 Rb6 25. Nc7 Ra7 26. Rb1 Bxb1
0-1

[Event "Transcendent Classic I"]
[Site "SchemingMind.com"]
[Date "2014.04.03"]
[Round "-"]
[White "Transcendent"]
[Black "Scooter"]
[Result "1-0"]
[WhiteCountry "ENG"]
[BlackCountry "USA"]
[WhiteElo "1790"]
[WhiteRD "68"]
[BlackElo "1755"]
[BlackRD "48"]
[GameID "354265"]

1. d4 Nf6 2. Nf3 g6 3. c4 Bg7 4. g3 O-O 5. Bg2 d6 6. Nc3 Nbd7 7. O-O a6 8. e4 e6 9. h3 Re8 10. Be3 e5
11. Qd2 exd4 12. Nxd4 Nc5 13. f3 Be6 14. b3 Qc8 15. Kh2 Nh5 16. g4 Nf6 17. Rad1 Ncd7 18. f4 Nc5 19. f5 Bd7 20. g5 Nfxe4
21. Nxe4 Nxe4 22. Bxe4 Rxe4 23. f6 Bf8 24. Rf3 Rh4 25. Qg2 Bg4 26. Qf2 Rxh3+ 27. Rxh3 Bxh3 28. Ne2 c6 29. Qh4 Qe6 30. Qxh3 Qe5+
31. Qg3 Qb2 32. Rd2 Qa3 33. Nf4 Re8 34. Bd4 d5 35. cxd5 Bd6 36. Qh4 Bxf4+ 37. Qxf4 Qc1 38. Rf2 Qb1 39. Qh4 Re4 40. Qh6
1-0

[Event "Transcendent Classic I"]
[Site "SchemingMind.com"]
[Date "2014.04.03"]
[Round "-"]
[White "Scooter"]
[Black "Michael Mollenhauer"]
[Result "1-0"]
[WhiteCountry "USA"]
[BlackCountry "GER"]
[WhiteElo "1732"]
[WhiteRD "47"]
[BlackElo "1034"]
[BlackRD "101"]
[GameID "354266"]

1. d4 d5 2. Nf3 Nf6 3. Bf4 Bf5 4. e3 e6 5. Bd3 Bxd3 6. Qxd3 Nbd7 7. O-O Be7 8. Nbd2 O-O 9. h3 c5 10. c3 c4
11. Qc2 Nh5 12. Bh2 b5 13. e4 dxe4 14. Nxe4 Nhf6 15. Nd6 Bxd6 16. Bxd6 Re8 17. Ne5 Nxe5 18. Bxe5 Nd7 19. Rfe1 Nb6 20. Qe4 f6
21. Bg3 Nd5 22. Qg4 Qd7 23. Re2 Re7 24. Rae1 Rae8 25. f4 f5 26. Qf3 Kf7 27. Bh4
1-0

[Event "Transcendent Classic I"]
[Site "SchemingMind.com"]
[Date "2014.04.03"]
[Round "-"]
[White "Michael Mollenhauer"]
[Black "Scooter"]
[Result "0-1"]
[WhiteCountry "GER"]
[BlackCountry "USA"]
[WhiteElo "1034"]
[WhiteRD "101"]
[BlackElo "1732"]
[BlackRD "47"]
[GameID "354267"]

1. e4 c6 2. d4 d5 3. exd5 cxd5 4. Nf3 Bg4 5. h3 Bxf3 6. Qxf3 a6 7. Nc3 Nf6 8. Bd3 g6 9. Bg5 Bg7 10. Bxf6 Bxf6
11. Qxd5 Nc6 12. Qb3 Nxd4 13. Qxb7 Rb8 14. Qxa6 Rxb2 15. Qa4+ Kf8 16. O-O-O Qb8 17. Kd2 Kg7 18. Rb1 Qf4+ 19. Kd1 Bg5 20. Ne4 Rxb1#
0-1

[Event "Transcendent Classic I"]
[Site "SchemingMind.com"]
[Date "2014.04.06"]
[Round "-"]
[White "ray winteringham"]
[Black "mmccaffe"]
[Result "0-1"]
[WhiteCountry "ENG"]
[BlackCountry "USA"]
[WhiteElo "1462"]
[WhiteRD "51"]
[BlackElo "1690"]
[BlackRD "59"]
[GameID "354428"]

1. e4 e6 2. d4 d5 3. Bd3 dxe4 4. Bxe4 Nf6 5. Bg5 Be7 6. Bxf6 Bxf6 7. c3 Bd7 8. Ne2 Bc6 9. Qd3 Bxe4 10. Qxe4 Qd5
11. Nd2 Qxe4 12. Nxe4 Nd7 13. O-O O-O 14. a3 Be7 15. b4 Nf6 16. Nxf6+ Bxf6 17. Rfd1 Rfd8 18. h3 b6 19. f3 Rac8 20. Rab1 Rd7
21. Nf4 Rcd8 22. Ne2 c5 23. Rb2 cxd4 24. Rb3 dxc3 25. Rxd7 Rxd7 26. Nxc3 Rd3
0-1

[Event "Transcendent Classic I"]
[Site "SchemingMind.com"]
[Date "2014.04.08"]
[Round "-"]
[White "Brian Acebo"]
[Black "ray winteringham"]
[Result "1-0"]
[WhiteCountry "USA"]
[BlackCountry "ENG"]
[WhiteElo "1636"]
[WhiteRD "96"]
[BlackElo "1452"]
[BlackRD "50"]
[GameID "354429"]

1. e4 e5 2. Nf3 Nc6 3. Bb5 d6 4. O-O Bd7 5. c3 g6 6. d4 exd4 7. cxd4 Bg7 8. a3 Nge7 9. Be3 O-O 10. h3 a6
11. Ba4 b5 12. Bb3 Qc8 13. Qd2 Kh8 14. Bh6 f5 15. Nc3 Be6 16. Bxe6 Qd8 17. Bxg7+ Kxg7 18. Ng5 Na5 19. Ba2 Nec6 20. Ne6+ Kh8
21. Nxd8 Raxd8 22. d5 Ne5 23. Qd4 Kg8 24. b4 Nb7 25. f4 Nd7 26. e5
1-0

[Event "Transcendent Classic I"]
[Site "SchemingMind.com"]
[Date "2014.04.08"]
[Round "-"]
[White "ray winteringham"]
[Black "Brian Acebo"]
[Result "0-1"]
[WhiteCountry "ENG"]
[BlackCountry "USA"]
[WhiteElo "1452"]
[WhiteRD "50"]
[BlackElo "1636"]
[BlackRD "96"]
[GameID "354430"]

1. e4 c6 2. Nf3 d5 3. e5 e6 4. d4 Bb4+ 5. c3 Ba5 6. Bg5 Ne7 7. b4 Bc7 8. Bd3 h6 9. Bh4 O-O 10. O-O Nd7
11. a4 a6 12. c4 b6 13. a5 bxa5 14. bxa5 Bxa5 15. Bxe7 Qxe7 16. Rxa5 Qd8 17. Ra1 dxc4 18. Bxc4 Nb6 19. Bb3 Bb7 20. Nbd2 Qc7
21. Ne1 Rfd8 22. Nc2 c5 23. Qg4 cxd4 24. Nxd4 Qc3
0-1

[Event "Transcendent Classic I"]
[Site "SchemingMind.com"]
[Date "2014.04.07"]
[Round "-"]
[White "Scooter"]
[Black "ray winteringham"]
[Result "1-0"]
[WhiteCountry "USA"]
[BlackCountry "ENG"]
[WhiteElo "1732"]
[WhiteRD "47"]
[BlackElo "1462"]
[BlackRD "51"]
[GameID "354431"]

1. d4 Nf6 2. Nf3 g6 3. Bf4 Bg7 4. e3 d6 5. Be2 O-O 6. O-O Bd7 7. Nbd2 Bc6 8. h3 Nbd7 9. c3 b6 10. Re1 Qc8
11. Qc2 Bb7 12. Bd3 c5 13. Ne4 d5 14. Ned2 c4 15. Be2 e6 16. Ne5 a5 17. Bf3 b5 18. e4 b4 19. exd5 exd5 20. Bg4 h5
21. Bxd7 Nxd7 22. Nxd7 Qxd7 23. Nf3 Qb5 24. Bd6 Rfe8 25. Rxe8+
1-0

[Event "Transcendent Classic I"]
[Site "SchemingMind.com"]
[Date "2014.04.07"]
[Round "-"]
[White "ray winteringham"]
[Black "Scooter"]
[Result "0-1"]
[WhiteCountry "ENG"]
[BlackCountry "USA"]
[WhiteElo "1462"]
[WhiteRD "51"]
[BlackElo "1732"]
[BlackRD "47"]
[GameID "354432"]

1. g3 Nf6 2. Bg2 g6 3. Nf3 Bg7 4. d3 O-O 5. O-O e6 6. Be3 d5 7. d4 b6 8. b3 Bb7 9. c4 c6 10. Nc3 Nbd7
11. Bd2 c5 12. dxc5 Nxc5 13. Nd4 dxc4 14. Bxb7 Nxb7 15. Be3 cxb3 16. axb3 Nc5 17. Ndb5 Qxd1 18. Rfxd1 Nxb3 19. Rxa7 Rxa7 20. Nxa7 Nc5
21. Nc6 Ng4 22. Bf4 Bxc3 23. h3 Nf6 24. Bd6 Ra8 25. Bc7 Ra1 26. Rxa1 Bxa1 27. Bxb6 Nce4
0-1

[Event "Transcendent Classic I"]
[Site "SchemingMind.com"]
[Date "2014.04.06"]
[Round "-"]
[White "Transcendent"]
[Black "ray winteringham"]
[Result "1-0"]
[WhiteCountry "ENG"]
[BlackCountry "ENG"]
[WhiteElo "1780"]
[WhiteRD "86"]
[BlackElo "1462"]
[BlackRD "51"]
[GameID "354433"]

1. d4 Nf6 2. Nf3 d5 3. c4 c6 4. e3 Bg4 5. Qb3 b6 6. Ne5 Bh5 7. Nc3 e6 8. Bd2 Bd6 9. cxd5 cxd5 10. Bb5+ Nbd7
11. Qa4 O-O 12. Bxd7 Nxd7 13. Qxd7
1-0

[Event "Transcendent Classic I"]
[Site "SchemingMind.com"]
[Date "2014.04.06"]
[Round "-"]
[White "ray winteringham"]
[Black "Transcendent"]
[Result "0-1"]
[WhiteCountry "ENG"]
[BlackCountry "ENG"]
[WhiteElo "1452"]
[WhiteRD "50"]
[BlackElo "1788"]
[BlackRD "80"]
[GameID "354434"]

1. g3 d5 2. Bg2 Nf6 3. Nf3 c6 4. O-O Bf5 5. d4 e6 6. c3 c5 7. Be3 c4 8. b3 b5 9. b4 a5 10. bxa5 Qxa5
11. Nbd2 Qxc3 12. Qc1 Qxc1 13. Rfxc1 Nc6 14. Bf4 Be7 15. Ne5 Nxd4 16. Kf1 Ba3 17. Rd1 Bb2 18. Rab1 Rxa2 19. Ndxc4 Bxb1 20. Rxb1 bxc4
21. Bc1 c3 22. Nd3 Nb3 23. Nb4 Nxc1 24. Nxa2 Nxa2 25. f3 c2
0-1

[Event "Transcendent Classic I"]
[Site "SchemingMind.com"]
[Date "2014.04.07"]
[Round "-"]
[White "Michael Mollenhauer"]
[Black "ray winteringham"]
[Result "0-1"]
[WhiteCountry "GER"]
[BlackCountry "ENG"]
[WhiteElo "1034"]
[WhiteRD "101"]
[BlackElo "1462"]
[BlackRD "51"]
[GameID "354435"]

1. e4 e5 2. Nf3 Nc6 3. Bb5 d6 4. O-O Bd7 5. Nc3 Be7 6. d3 Nf6 7. Re1 O-O 8. h3 a6 9. Ba4 b5 10. Bb3 Qc8
11. Nd5 Nxd5 12. Bxd5 Rb8 13. a3 Kh8 14. Be3 Nd8 15. b4 Bc6 16. Bb3 Bd7 17. d4 f6 18. d5 c6 19. c4 Nb7 20. Rc1 a5
0-1

[Event "Transcendent Classic I"]
[Site "SchemingMind.com"]
[Date "2014.04.07"]
[Round "-"]
[White "ray winteringham"]
[Black "Michael Mollenhauer"]
[Result "1-0"]
[WhiteCountry "ENG"]
[BlackCountry "GER"]
[WhiteElo "1462"]
[WhiteRD "51"]
[BlackElo "1034"]
[BlackRD "101"]
[GameID "354436"]

1. e4 e5 2. Nf3 Nc6 3. Bc4 Bc5 4. d3 Nf6 5. Ng5 d5 6. Bb3 O-O 7. O-O h6 8. exd5 Nd4 9. c4 hxg5 10. Bxg5 Nxb3
11. Qxb3 Qd6 12. Nc3 Bf5 13. h3 a6 14. Rfd1 b6 15. g4 Bg6 16. Kg2 Bd4 17. Qc2 c6 18. Bxf6 Qxf6 19. dxc6 Qxc6+ 20. Kh2 b5
21. Nd5
1-0

[Event "Transcendent Classic I"]
[Site "SchemingMind.com"]
[Date "2014.04.06"]
[Round "-"]
[White "mmccaffe"]
[Black "Phillip Beckett"]
[Result "1-0"]
[WhiteCountry "USA"]
[BlackCountry "ENG"]
[WhiteElo "1686"]
[WhiteRD "58"]
[BlackElo "1562"]
[BlackRD "48"]
[GameID "354437"]

1. Nf3 Nf6 2. g3 g6 3. Bg2 Bg7 4. O-O d6 5. c4 e5 6. d3 O-O 7. Nc3 Nbd7 8. e4 Ne8 9. Bg5 f6 10. Be3 f5
11. Rc1 f4 12. Bd2 fxg3 13. fxg3 Nef6 14. Nd5 c6 15. Nc3 c5 16. Nd5 Nxd5 17. cxd5 Nf6 18. Qb3 Qb6 19. Rc3 Bd7 20. Rfc1 Qxb3
21. Rxb3 b6 22. Rbc3 Ng4 23. h3 Nh6 24. b4 Rab8 25. Rb1 cxb4 26. Rc7 Bb5 27. Bxb4 Rfc8 28. Rbc1 Rxc7 29. Rxc7 Bf8 30. d4 exd4
31. Nxd4 a5 32. Bd2 Be8 33. Ne6 Bf7 34. Nxf8 Rxf8 35. Bxh6 Re8 36. Bf4 b5 37. Bxd6 b4 38. Ra7 b3 39. axb3
1-0

[Event "Transcendent Classic I"]
[Site "SchemingMind.com"]
[Date "2014.04.06"]
[Round "-"]
[White "Phillip Beckett"]
[Black "mmccaffe"]
[Result "1/2-1/2"]
[WhiteCountry "ENG"]
[BlackCountry "USA"]
[WhiteElo "1562"]
[WhiteRD "48"]
[BlackElo "1686"]
[BlackRD "58"]
[GameID "354438"]

1. e4 c6 2. d4 d5 3. Nc3 dxe4 4. Nxe4 Nd7 5. Nf3 Ngf6 6. Bd3 Nxe4 7. Bxe4 Nf6 8. Bd3 Bg4 9. c3 e6 10. h3 Bh5
11. O-O Be7 12. Be2 O-O 13. Ne5 Bxe2 14. Qxe2 c5 15. Be3 Nd5 16. dxc5 Qc7 17. Bd4 Rad8 18. Nf3 Bxc5 19. Bxc5 Qxc5 20. Rfd1 Qb6
21. Nd4 Nf6 22. Nb3 Rxd1+ 23. Rxd1 Rd8 24. Rxd8+ Qxd8 25. Qd2 Qxd2=
1/2-1/2

[Event "Transcendent Classic I"]
[Site "SchemingMind.com"]
[Date "2014.04.08"]
[Round "-"]
[White "Brian Acebo"]
[Black "Phillip Beckett"]
[Result "1-0"]
[WhiteCountry "USA"]
[BlackCountry "ENG"]
[WhiteElo "1663"]
[WhiteRD "88"]
[BlackElo "1560"]
[BlackRD "47"]
[GameID "354439"]

1. e4 e5 2. Nf3 Nc6 3. Bb5 a6 4. Ba4 Nf6 5. d3 b5 6. Bb3 Be7 7. c3 O-O 8. O-O d5 9. exd5 Nxd5 10. Re1 h6
11. c4 bxc4 12. Bxc4 Nb6 13. Bb3 Bb7 14. Nxe5 Nxe5 15. Rxe5 Bd6 16. Re1 Qh4 17. h3 Nd5 18. Qf3 Nf4 19. Qxb7 Rae8 20. Rxe8 Rxe8
21. Be3 Ne2+ 22. Kf1 Nf4 23. Bc4 Qh5 24. Nc3 g5 25. Qd5 Re7 26. Qf5 Ng6 27. Re1 Nh4 28. Qd5 Qg6 29. Ne4 Re5 30. Qa8+ Kh7
31. Bd4 g4 32. Bxe5 gxh3 33. Qh8#
1-0

[Event "Transcendent Classic I"]
[Site "SchemingMind.com"]
[Date "2014.04.08"]
[Round "-"]
[White "Phillip Beckett"]
[Black "Brian Acebo"]
[Result "0-1"]
[WhiteCountry "ENG"]
[BlackCountry "USA"]
[WhiteElo "1553"]
[WhiteRD "48"]
[BlackElo "1636"]
[BlackRD "85"]
[GameID "354440"]

1. e4 c5 2. Nf3 Nc6 3. d4 cxd4 4. Nxd4 Nf6 5. Nc3 a6 6. Bg5 e6 7. a3 Be7 8. Qd2 O-O 9. Be2 h6 10. Be3 Qc7
11. O-O-O b5 12. Nxc6 dxc6 13. g3 Rd8 14. Qe1 Bb7 15. Bf3 c5 16. Qe2 b4 17. axb4 cxb4 18. Na4 b3 19. c3 Nxe4 20. Bxe4 Bxe4
21. Rxd8+ Bxd8 22. Rd1 Be7 23. f3 Bc2 24. Rd2 a5 25. Qb5 Rd8 26. Qe2 Qc6 27. Rxd8+ Bxd8 28. Qd2 Qxa4 29. Qxd8+ Kh7 30. Kd2 Qa1
31. Ke2 Qxb2 32. Bd4 Bg6+ 33. Ke3 a4 34. Qf8 Qc1+ 35. Kf2 Qd2+ 36. Kg1 Qe1+ 37. Kg2 e5 38. Bc5 Qe2+ 39. Kh3 Bf5+ 40. g4 Qxf3+
41. Kh4 Qxg4#
0-1

[Event "Transcendent Classic I"]
[Site "SchemingMind.com"]
[Date "2014.04.07"]
[Round "-"]
[White "Phillip Beckett"]
[Black "Scooter"]
[Result "1-0"]
[WhiteCountry "ENG"]
[BlackCountry "USA"]
[WhiteElo "1553"]
[WhiteRD "49"]
[BlackElo "1732"]
[BlackRD "47"]
[GameID "354441"]

1. e4 c6 2. d4 d5 3. exd5 cxd5 4. Nf3 Bg4 5. Be2 Bxf3 6. Bxf3 Nf6 7. O-O e6 8. Bg5 Be7 9. c3 Nbd7 10. Nd2 O-O
11. Qb3 Qb6 12. Qxb6 Nxb6 13. g3 h6 14. Bf4 Rac8 15. Bg2 Nc4 16. Nxc4 Rxc4 17. Be5 b5 18. a3 Nd7 19. Bf4 Rfc8 20. Rae1 Nb6
21. f3 Bg5 22. Bxg5 hxg5 23. f4 gxf4 24. gxf4 a5 25. f5 exf5 26. Rxf5 Rd8 27. Rfe5 Rc6 28. Re8+ Rxe8 29. Rxe8+ Kh7 30. Rd8 Rg6
31. Kf1 Rf6+ 32. Ke2 Nc4 33. Rxd5 Nxb2 34. Rxb5 Nc4 35. a4 Re6+ 36. Kd3 Nd6 37. Rxa5 Rh6 38. h3
1-0